MDQL
is popping MORE tags! Check the
thread
!
Quizzes
Events
Quiz Creation
Community
Videos
Private Events
Remove Ads
Sign In
Join for FREE
Feedback
Dark Mode
Quiz Categories
Sports
Geography
Music
Movies
Television
Just For Fun
Miscellaneous
History
Literature
Language
Science
Gaming
Entertainment
Religion
Holiday
For Kids
Quiz Lab
Recent
Popular Today
Quiz Kudos Today
Editor Picks
Curator Picks
Quizzes by...
Day
Popularity
Type
Ratings
Length
Year
Community
Subscriptions
Recent Discussions
Orange Saloon
Badges
Playlists
Quests
Create
Leaderboards
Showdown
Live 5
Trivia Bingo
Activity
Puzzle Library
Sporcle Events
Private Events
Virtual Trivia
Globe League
Become a Host
Pub Owners
SporcleCon
Opinionation
Our Games
Videos
Blog
Mobile Apps
Partnerships
Remove Ads and Go Orange
Feedback
History
US Presidents
World Leaders
Politics
Nation
Discovery
War
Decade
Year
Century
Biography
Art
History
US Presidents
World Leaders
Politics
Nation
Discovery
War
Decade
Year
Century
Biography
Art
Random Quiz
Search Sporcle
×
Quiz Lab
Quiz Lab
History
Famous
Type in answers that appear in a list
Type in answers that appear in a list
Classic
Best Score? Go Orange.
Famous Ships Stats
Can you name the Famous Ships?
By
spqr
7m
28 Questions
1,818 Plays
1,818 Plays
1,818 Plays
Comments
Comments
Give Quiz Kudos
Give Quiz Kudos
-
- Ratings
hide this ad
Replay
Link that replays current quiz
Next Quiz
Link to next quiz in quiz playlist
You Got
0%
They Got
Avg Score
44%
Avg Friend Score
Upgrade to see
Score Distribution
Jump to the score distribution portion of the page
Score
0/28
Timer
07:00
0
Plays Today
Famous For
Ship
% Correct
Sank after hitting iceberg in the Atlantic, claiming over 1500 lives
RMS Titanic
85.7%
Columbus' Flagship on his most famous expedition
Santa Maria
81.5%
Transported the English Pilgrims from England to Plymouth, Massachusetts in 1620
Mayflower
78.8%
First named ship, carried Jason in Greek Mythology
Argo
70.6%
Torpedoed by the German submarine killing 1,198 people
RMS Lusitania
68%
Mutiny aboard ship, April 28, 1789, led by Fletcher Christian against Captain William Bligh
HMS Bounty
64.3%
Churchill issued an order to 'Sink the ...
Bismarck
60.2%
The sunken ship lies in Pearl Harbor with a memorial above it honoring the crew lost
USS Arizona
59.5%
Its second voyage carried Charles Darwin on his historic expedition
HMS Beagle
58.7%
Nelson's Flagship at Trafalgar
HMS Victory
48.2%
Oldest commissioned ship afloat in the world
USS Constitution(Old Ironsides)
46.5%
Its sinking precipitated the Spanish-
American War
USS Maine
45.6%
With CSS Virginia, first-
ever naval battle between two ironclad warships
USS Monitor
45.4%
World’s first nuclear-
powered aircraft carrier and the eighth U.S. Naval vessel to bear the name
USS Enterprise
42.7%
Famous For
Ship
% Correct
Circumnavigation of the globe between 1577 and 1580, captained by Sir Francis Drake
Golden Hind
41.6%
In 1839, Africans being transported as slaves revolted against their captors aboard
La Amistad
39%
World’s first nuclear-
powered submarine
USS Nautilus
38.4%
Commanded by Lieutenant John F. Kennedy
PT 109
34.9%
Used by Norwegian Thor Heyerdahl to cross the Pacific
Kon Tiki
33.5%
First “all-
big-
gun” armament and steam turbine propulsion
HMS Dreadnought
32.3%
Flagship of pirate Blackbeard
Queen Anne's Revenge
30.7%
The largest, heaviest, and most powerful battleship ever constructed
Yamato
30.4%
German Pocket Battleship, sank nine allied ships
Admiral Graf Spee
27.9%
Used by Sir Ernest Shackleton for the 1914 Imperial Trans-
Antarctic Expedition
Endurance
20.9%
During the American Civil War, the first submarine to sink a ship
H.L. Hunley
19.8%
The world’s largest steamship; successfully laid cable across the Atlantic ocean cable
SS Great Eastern
19.6%
Warship commanded by John Paul Jones
USS Bonhomme Richard
16.7%
Henry Hudson’s ship looking for Northwest Passage
Half Moon
13.6%
Quiz Playlist
Details
Report
Send in Message
Add To Playlist
Classic:
Type in answers that appear in a list
Quiz Source
Last Updated: Feb 16, 2017
Quiz Scoreboard
CHALLENGE
Sign Up to Join the Scoreboard
Show All
Scores
Hide
Comments
May contain spoilers
Recently Published
Find the 'City' Movie
by crazypaving
Movies
60s
5x2 Blitz: Bands
by SL_Kpop136
Music
30s
Colored Red Africa Blitz
by spor1
Geography
30s
More to Explore
Quiz From the Vault
Featured Blog Post
14 Easter Pick-up Lines to Find Eggs With
hide this ad
You Might Also Like...
Tags
Famous Quiz
ship
Today's Top Quizzes in History
Browse History
hide this ad
Today's Top Quizzes in Famous
Browse Famous
Top Contributed Quizzes in History
1
Popular People in 1991
2
US National Parks Named After People
3
Order Up: 1000 Years of World Events I
4
Popular People in 1981
5
Popular People in 1951
6
Popular People in 1941
7
Popular People in 1986
8
Popular People in 1921
9
Popular People in 1976
10
Magic 10 Blitz: U.S. Presidents
Explore More
Trending Topics
Anime
Harry Potter
Crossword
NBA
Disney
Kpop
Marvel
Pokémon
Country
The Office
WWE
Soccer
NFL
Song
Puzzle
hide this ad
More By:
spqr
Quiz
Plays
Rating
Category
Featured
Created
TV Shows by Subtitle
150,048
3.82
Television
Jan 18, 2010
'Street' Quiz
121,656
3.97
Miscellaneous
Feb 17, 2010
Actor-Director Collaborations
78,525
4.57
Movies
Feb 18, 2010
One Novel Wonders
41,772
3.99
Literature
Oct 9, 2009
Disney Authors
40,963
4.29
Literature
Oct 22, 2009
Go to Creator's Profile
Score Distribution
Quiz Creator Spotlight
spqr
Follow
Send a Message
Quizzes Created
-
Created Quiz Play Count
-
More By This Creator
Popular Quizzes Today
1
Find the 'City' Movie
2
Colored Red Africa Blitz
3
5x2 Blitz: Bands
4
Find the US States - No Outlines Minefield
5
The Countries of the World
6
Find the US States
7
US States
8
9x9 Crossword: Cartoon Network
More History Quizzes
On This Day: June 30th
Published
Trending Quizzes
Colored Red Europe Blitz I
Colored Red Africa Blitz II
Colored Red Europe Blitz II
Colored Red Europe Blitz III
Colored Red Africa Blitz III
Recently Updated
Famous TV Couples
Peacemaker
Champions League XIs: Real Madrid
pecheneg
Largest US Cities 1790-2010
pecheneg
Rides in Walt Disney World
pecheneg
Most Oscar Losses (Acting)
pecheneg
Beyoncé Albums
pecheneg
Leaping Animals
pecheneg
Reality TV Shows (A-Z)
bhenderson79
Rickey Henderson's Hall of Fame Teammates
pecheneg
Champions League XIs: Arsenal
pecheneg
Trending Topics
Kpop
Marvel
Harry Potter
Anime
Disney
Crossword
NBA
NFL
Song
Soccer
Country
The Office
Puzzle
WWE
Pokémon
Your Account Isn't Verified!
In order to create a playlist on Sporcle, you need to verify the email address you used during registration. Go to your
Sporcle Settings
to finish the process.
Report this User
Report this user for behavior that violates our
Community Guidelines
.
Details:
Send Report
Go to the Sporcle.com Mobile Site →
Comments